Methodology of Research in Social Sciences (Record no. 7068)

MARC details
000 -LEADER
fixed length control field 00494nam a22001577a 4500
008 - FIXED-LENGTH DATA ELEMENTS--GENERAL INFORMATION
fixed length control field 200417b ||||| |||| 00| 0 eng d
020 ## - INTERNATIONAL STANDARD BOOK NUMBER
International Standard Book Number 978-93-5024-866-9
082 ## - DEWEY DECIMAL CLASSIFICATION NUMBER
Classification number 300.72 KRI
100 ## - MAIN ENTRY--PERSONAL NAME
Personal name KRISHNASWAMI, O.R
245 ## - TITLE STATEMENT
Title Methodology of Research in Social Sciences
Statement of responsibility, etc. O.R. Krisnaswami and M. Ranganathan
Medium English
250 ## - EDITION STATEMENT
Edition statement 3rd ed.
260 ## - PUBLICATION, DISTRIBUTION, ETC. (IMPRINT)
Place of publication, distribution, etc. Delhi
Name of publisher, distributor, etc. Himalaya Publishing House
Date of publication, distribution, etc. 2011
300 ## - PHYSICAL DESCRIPTION
Extent 445p.
Other physical details Illustration
Dimensions 27cm
650 ## - SUBJECT ADDED ENTRY--TOPICAL TERM
Source of heading or term Social science Research
942 ## - ADDED ENTRY ELEMENTS (KOHA)
Source of classification or shelving scheme Library of Congress Classification
Koha item type BOOKS
Holdings
Withdrawn status Lost status Source of classification or shelving scheme Damaged status Not for loan Home library Current library Date acquired Total Checkouts Full call number Barcode Date last seen Price effective from Koha item type
    Dewey Decimal Classification     Mwanza Mwanza 17/04/2020   300.72 KRI 1000002884 17/04/2020 17/04/2020 BOOKS

IRDP © 2021 :: Managed by ICT Team